000 00431nam a22001817a 4500
003 OSt
008 230130b ||||| |||| 00| 0 eng d
020 _a9788131533352
082 _a658.3 GRO
100 _aGRIFFIN,Ricky W
245 _aOrganization Behavior
250 _a11th Ed
260 _aNew Delhi
_bCengage
_c2022
300 _a598
650 _aOrganization Behavior
700 _aMOORHEAD,Gregory
942 _2ddc
_cREF
999 _c11811
_d11811